La poesía hermética de Juan Ramón Jiménez

Gorde:
Xehetasun bibliografikoak
Egile nagusia: Predmore, Michael P.
Formatua: Liburua
Hizkuntza:Undetermined
Argitaratua: Madrid, España Gredos 1973
Gaiak:
Etiketak: Etiketa erantsi
Etiketarik gabe, Izan zaitez lehena erregistro honi etiketa jartzen!

MARC

LEADER 00000nam a2200000Ia 4500
008 170316s9999 xx 000 0 und d
040 |a cru BVZT 
090 |a C-862 P-9p 
100 |a Predmore, Michael P. 
245 |a La poesía hermética de Juan Ramón Jiménez 
260 |a Madrid, España 
260 |b Gredos 
260 |c 1973 
300 |a 234 páginas 
650 |a LITERATURA ESPAÑOLA 
650 |a CRÍTICA 
999 |c 13178  |d 13178 
942 |c 15 D  |h C-862 P-9p  |2 z